|
|
|
|
| LEADER |
00000cam a22000004a 4500 |
| 001 |
musev2_22136 |
| 003 |
MdBmJHUP |
| 005 |
20230905042346.0 |
| 006 |
m o d |
| 007 |
cr||||||||nn|n |
| 008 |
101117s2011 mau o 00 0 eng d |
| 020 |
|
|
|a 9780262294126
|
| 020 |
|
|
|z 0262015838
|
| 020 |
|
|
|z 0262294125
|
| 020 |
|
|
|z 9780262015837
|
| 035 |
|
|
|a (OCoLC)847070814
|
| 040 |
|
|
|a MdBmJHUP
|c MdBmJHUP
|
| 100 |
1 |
|
|a Freudenburg, William R.,
|e author.
|4 aut
|
| 245 |
1 |
0 |
|a Blowout in the Gulf :
|b The BP Oil Spill Disaster and the Future of Energy in America /
|c William R. Freudenburg and Robert Gramling.
|
| 264 |
|
1 |
|a Cambridge, Mass. :
|b MIT Press,
|c 2011.
|
| 264 |
|
3 |
|a Baltimore, Md. :
|b Project MUSE,
|c 2014
|
| 264 |
|
4 |
|c ©2011.
|
| 300 |
|
|
|a 1 online resource (272 pages):
|b illustrations
|
| 336 |
|
|
|a text
|b txt
|2 rdacontent
|
| 337 |
|
|
|a computer
|b c
|2 rdamedia
|
| 338 |
|
|
|a online resource
|b cr
|2 rdacarrier
|
| 505 |
0 |
|
|a Prologue: The deep-water horror zone -- A question for our time -- The Macondo mess -- Stored sunlight and its risks -- Colonel of an industry? -- Barons and barrels -- Off the edge in all directions -- "Energy independence" -- To know us is to love us -- Cleaning up? -- Today and tomorrow.
|
| 520 |
|
|
|a Explains both the disaster and the decisions that led up to it and argues that for the future the emphasis needs to be on prevention and that risk-management policies be based on better understandings of humans and hardware.
|
| 588 |
|
|
|a Description based on print version record.
|
| 650 |
|
7 |
|a Oil spills.
|2 fast
|0 (OCoLC)fst01044773
|
| 650 |
|
7 |
|a Offshore oil industry
|x Environmental aspects.
|2 fast
|0 (OCoLC)fst01044344
|
| 650 |
|
7 |
|a Drilling platforms
|x Accidents.
|2 fast
|0 (OCoLC)fst00898134
|
| 650 |
|
7 |
|a NATURE
|x Natural Resources.
|2 bisacsh
|
| 650 |
|
7 |
|a TECHNOLOGY & ENGINEERING
|x Environmental
|x Pollution Control.
|2 bisacsh
|
| 650 |
|
6 |
|a Petrole offshore
|x Industrie
|x Aspect de l'environnement
|z Mexique, Golfe du.
|
| 650 |
|
6 |
|a Plateformes de forage
|x Accidents
|z Mexique, Golfe du.
|
| 650 |
|
6 |
|a Deversements de petrole
|z Mexique, Golfe du.
|
| 650 |
|
6 |
|a Explosion de la plateforme Deepwater Horizon et maree noire dans le golfe du Mexique, 2010.
|
| 650 |
|
0 |
|a Offshore oil industry
|x Environmental aspects
|z Mexico, Gulf of.
|
| 650 |
|
0 |
|a Drilling platforms
|x Accidents
|z Mexico, Gulf of.
|
| 650 |
|
0 |
|a Oil spills
|z Mexico, Gulf of.
|
| 650 |
|
0 |
|a BP Deepwater Horizon Explosion and Oil Spill, 2010.
|
| 651 |
|
7 |
|a Gulf of Mexico.
|2 fast
|0 (OCoLC)fst01239980
|
| 655 |
|
7 |
|a Electronic books.
|2 local
|
| 700 |
1 |
|
|a Gramling, Robert,
|d 1943-
|e author.
|4 aut
|
| 710 |
2 |
|
|a Project Muse.
|e distributor
|
| 830 |
|
0 |
|a Book collections on Project MUSE.
|
| 856 |
4 |
0 |
|z Texto completo
|u https://projectmuse.uam.elogim.com/book/22136/
|
| 945 |
|
|
|a Project MUSE - Custom Collection
|
| 945 |
|
|
|a Project MUSE - Archive Complete Supplement II
|
| 945 |
|
|
|a Project MUSE - Archive Political Science and Policy Studies Supplement II
|